Statistics for Spirit Lyrics-Ghost

Click here to take the quiz!

General Stats

  • This quiz has been taken 29 times
    (25 since last reset)
  • The average score is 66 of 77

Answer Stats

Answer% Correct
A
100%
of
100%
of
100%
of
100%
of
100%
of
100%
of
100%
Spirit
100%
Spirit
100%
spirit
100%
Spirit
100%
Spirit
100%
Spirit
100%
Spirit
100%
The
100%
the
100%
the
100%
the
100%
the
100%
Throw
100%
vessel
100%
your
100%
Your
100%
yourself
100%
Absinthe
92%
Absinthe
92%
Absinthe
92%
Absinthe
92%
Absinthe
92%
Absinthe
92%
Into
92%
Into
92%
mind
92%
my
92%
This
92%
this
92%
this
92%
to
92%
You're
92%
catapulting
83%
From
83%
gate
83%
mobility
83%
no
83%
possibilities
83%
possibilities
83%
vision
83%
Anti
75%
apparatus
75%
at
75%
creatures
75%
Death
75%
Devilish
75%
end
75%
excursion
75%
for
75%
gateway
75%
green
75%
inherit
75%
jaws
75%
muse
75%
none
75%
return
75%
Saint
75%
secrecy
75%
Seven
75%
seventh
75%
There's
75%
wormwood
75%
Cloven
67%
Earth
67%
Hooves
67%
seals
67%
soul
67%
time
67%
trumpets
67%
Let
58%

Score Distribution

Percentile by Number Answered

Percent of People with Each Score

Your Score History

You have not taken this quiz since the last reset